000 00518cam a2200193 4500
001 D5434
008 090401t1981 xxu||||| |||| 00| 0 eng d
035 _a(Sirsi) u97213
041 _aeng
050 _a692.5
100 _aHarrison, R.S.
245 _aEstimating and tendering-some aspects of theory and practice
260 _aAscot, Berks
_bThe Chartered Institute of Building
_c1981
300 _a4p. 30cm
350 _a0
490 _aEstimating Information Service
_v41
942 _n0
948 _c04/03/1997
999 _c98808
_d98808